00333nam a22001097a 4500008004100000082001500041100000800056245009400064260004200158300000900200440001400209230621b xxu||||| |||| 00| 0 eng d a328.4bSOC cSOC aThe Table bThe Journal of the Society of Clerks-at-the-table in Commonwealth Parliaments aLondonbJ.M. Davies and G.Cubiec1976 a223p vvolume 44